000 00402pab a2200157 454500
008 180718b1997 xxu||||| |||| 00| 0 eng d
100 _aPandey, Rita
245 _aSubsidy to government employees through staff housing
260 _c1997
300 _ap.2359-364
362 _a13 Sep
650 _aHousing
700 _aSundaram, P.S.A.
773 _aEconomic and Political Weekly
909 _a35403
999 _c35403
_d35403